Normal view MARC view
  • Sagdeo Prachi S

Entry Personal Name

Number of records used in: 2

001 - CONTROL NUMBER

  • control field: 182369

003 - CONTROL NUMBER IDENTIFIER

  • control field: OSt

005 - DATE AND TIME OF LATEST TRANSACTION

  • control field: 20230605084935.0

008 - FIXED-LENGTH DATA ELEMENTS

  • fixed length control field: 230605|| aca||aabn | a|a d

040 ## - CATALOGING SOURCE

  • Original cataloging agency: OSt
  • Transcribing agency: OSt

100 ## - HEADING--PERSONAL NAME

  • Personal name: Sagdeo Prachi S

670 ## - SOURCE DATA FOUND

  • Source citation: Work cat.: (OSt)160431: Sagdeo Prachi S, Landscape Development Proposal For Rural Tourism At Shiswad Village, 2012